000
00331nam a2200133Ia 4500
005
20251222141903.0
008
251222s9999||||xx |||||||||||||| ||spa||
020
_a
968-16-4151-5
082
_a
780/C77/1994
100
_a
Copland, Aaron
245
0
_a
Cómo Escuchar la Música
264
_b
Fondo de Cultura Económica
942
_c
LIB
999
_c
8120
_d
8120